000 00618nam a2200205Ii 4500
003 JO-AjNU
008 230605s9999||||xx |||||||||||||| ||und||
040 _aJO-AjNU
_bara
_erda
_cJO-AjNU
041 _aara
050 1 4 _aPJ7874.A4.N35 1977
100 3 _aيخلف، يحيى,
_eauthor
_948792
245 0 0 _aنجران تحت الصفر رواية
250 _aط2
264 3 1 _aبيروت: دار الآداب، 1977
300 _a112ص
336 _atext
_btxt
_2rdacontent
337 _aunmediated
_bn
_2rdamedia
338 _avolume
_bnc
_2rdacarrier
650 4 _aالأدب العربي - روايات
_948793
999 _aA21391
_c24959
_d24959